| 000 | 00922cam a2200313 4500 | ||
|---|---|---|---|
| 001 | E2639 | ||
| 008 | 090401t1995 xxu||||| |||| 00| 0 eng d | ||
| 035 | _a(Sirsi) u40369 | ||
| 041 | _aeng | ||
| 050 | _a333.337 | ||
| 110 |
_aKing Sturge & Co. _91183 |
||
| 245 | 4 | _aThe property economy - Summer 1995 | |
| 260 |
_aLondon _bKing Sturge & Co. _c1995 |
||
| 300 | _a28p.; 30cm. | ||
| 350 | _a0 | ||
| 650 | _aEDUCATIONAL BUILDINGS | ||
| 650 | _aOCCUPIER MARKETS | ||
| 650 | _aPROPERTY-COMMERCIAL PROPERTY-OFFICE PROPERTY-OFFICE PROPERTY MARKET | ||
| 650 | _aOFFICE PROPERTY | ||
| 650 | _aPROPERTY INVESTMENT | ||
| 650 | _aPROPERTY MARKET REPORTS | ||
| 650 | _aPROPERTY MARKET | ||
| 650 | _aPROPERTY-COMMERCIAL PROPERTY-RETAIL PROPERTY-RETAIL PROPERTY MARKET | ||
| 650 | _aRETAIL PERFORMANCE | ||
| 650 | _aRETAIL PROPERTY | ||
| 690 | _aPROPERTY-COMMERCIAL PROPERTY | ||
| 942 | _n0 | ||
| 948 | _c04/03/1997 | ||
| 999 |
_c90858 _d90858 |
||